Probability and Statistics for engineering and the Sciences /

Gespeichert in:
Bibliographische Detailangaben
1. Verfasser: Devore, Jay L (Verfasst von)
Format: Buch
Sprache:Englisch
Veröffentlicht: Cengage 2017
Ausgabe:9th Ed., Metric Version
Schlagworte:
Tags: Tag hinzufügen
Keine Tags, Fügen Sie das erste Tag hinzu!

MARC

LEADER 00000nam a22000003a 4500
001 0069950
003 SK-STU
005 20181218101225.9
007 ta
008 181218s ----xo-----e------000-0-----d
020 |a 978-1-337-09426-9 
040 |a STU  |b slo 
041 0 |a eng 
100 1 |a Devore, Jay L  |4 aut 
245 1 0 |a Probability and Statistics for engineering and the Sciences /  |c aut. Jay L Devore 
250 |a 9th Ed., Metric Version 
260 |b Cengage  |c 2017 
300 |a 715 s., príl. 
650 0 7 |a štatistické metódy 
650 0 7 |a matematická štatistika 
996 |b 284M088078  |c M* 14212-1  |l MMKN  |s A  |a 24  |w 0069950_0001